Dendrologie - Espèces - Statistiques

Statistiques générales
  • Ce quiz a été pris 101 fois
    21 depuis la dernière actualisation
  • Le résultat moyen est 32 sur 74
Statistiques - réponses
Par images Réponse % Correct
Houx commun
75%
Noisetier
75%
Châtaigner
63%
Chêne d'Amérique
63%
Chêne pédonculé
63%
Douglas
63%
Épicéa commun
63%
Érable champêtre
63%
Érable sycomore
63%
If commun
63%
Lierre grimpant
63%
Marronnier d'Inde
63%
Noyer commun
63%
Peuplier tremble
63%
Aulne glutineux
50%
Bouleau pubescent
50%
Bouleau verruqueux
50%
Buis commun
50%
Charme commun
50%
Chêne sessile
50%
Cyprès commun
50%
Érable plane
50%
Frêne commun
50%
Genévrier commun
50%
Hêtre commun
50%
Hêtre pourpre
50%
Myrtillier
50%
Néflier commun
50%
Peuplier noir
50%
Poirier sauvage
50%
Pommier sauvage
50%
Robinier faux-acacia
50%
Sorbier des oiseleurs
50%
Sureau noir
50%
Sureau rouge
50%
Aubépine épineuse
38%
Aubépine monogyne
38%
Bourdaine
38%
Bruyère quaternée
38%
Callune commune
38%
Chèvrefeuille des bois
38%
Clématite des haies
38%
Cornouiller mâle
38%
Genêt à balais
38%
Gingko biloba
38%
Houblon commun
38%
Merisier
38%
Peuplier blanc
38%
Pin sylvestre
38%
Prunellier
38%
Saule blanc
38%
Saule marsault
38%
Tilleul à grandes feuilles
38%
Tilleul commun
38%
Tulipier de Virginie
38%
Alisier blanc
25%
Alisier torminal
25%
Bruyère cendrée
25%
Cèdre de l'Atlas
25%
Cornouiller sanguin
25%
Fusain d'Europe
25%
Mélèze d'Europe
25%
Orme champêtre
25%
Orme de montagne
25%
Pin noir d'Autriche
25%
Pin Weymouth
25%
Sapin blanc
25%
Thuya occidental
25%
Tilleul à petites feuilles
25%
Troène commun
25%
Viorne lantane
25%
Viorne obier
25%
Cerisier à grappes
13%
Nerprun purgatif
13%
Aucun quiz correspondant
Distribution des résultats
% des personnes avec chaque résultat
Percentile par nombre de réponses
Votre historique - résultats
Vous n’avez pas pris ce quiz depuis la dernière actualisation